Malbork - quiz wielokrotnego wyboru - Statystyki

Ogólne statystyki
  • Ten quiz został rozwiązany 623 razy
    613 od ostatniego zresetowania
  • Średni wynik to 6 z 10
Statystyki odpowiedzi
Zagadnienie Odpowiedź % Poprawnych
Siedzibą wielkich mistrzów jakiego zakonu był zamek w Malborku? Krzyżaków
98%
Jaka jest niemiecka nazwa Malborka? Marienburg
81%
Do jakiego państwa należał Malbork przed II wojną światową? Niemiec
79%
Jaka rzeka przepływa przez Malbork? Nogat
70%
Jak nazwę nosi najlepszy tutejszy klub piłkarski, która jest także nazwą regionu historycznego, na którym leży Malbork? Pomezania
60%
W którym wieku miasto otrzymało prawa miejskie XIII
49%
Która dzielnica została odłączona od Malborka w wyniku przyłączenia tej dzielnicy do Wolnego Miasta Gdańsk? Kałdowo
35%
W wyniku jakiego zaboru Malbork został przyznany Prusom? Pierwszego
35%
W ilu procentach zostały zniszczony zabudowania miasta podczas II wojny światowej? 45%
32%
Jaki znany reprezentant Polski w piłce nożnej z okresu PRL-u urodził się w tym mieście? Grzegorz Lato
30%
Nie znaleziono quizów pasujących do podanych kryteriów
Rozkład punktacji
Procent ludzi z każdym wynikiem
Percentyl według liczby udzielonych odpowiedzi
Twoja historia wyników
Nie rozwiązałeś tego quizu od ostatniego zresetowania